000 00810nam a2200265Ia 4500
003 OSt
005 20220918214159.0
006 a|||||r|||| 00| 0
007 ta
008 220917b |||||||| |||| 00| 0 eng d
024 _a136,158
037 _cTextual
040 _aARTS
_cARTS
_beng
041 _2eng
_aeng
082 _aX9:8:(2:97), L1
100 _aElliott C Orville
_9130076
245 0 _aBussiness information processing systems
_b An introduction to data processing
250 _a3rd
260 _aNA
_bNA
_c1971
490 _aIrwin series in quantitative analysis for business ed by Robert B Fetter
650 _aECONOMICS
700 _a Wasley Robert S
_9130077
942 _hX9:8:(2:97), L1
_cTEXL
_2CC
999 _c259248
_d259248